[Event "NLD-ch"]
[Site "Leeuwarden"]
[Date "1976.??.??"]
[Round "?"]
[White "Van der Vliet, Fred"]
[Black "Van der Weide, Piet"]
[Result "0-1"]
[WhiteElo "2320"]
[BlackElo "2290"]

1.Nf3 d5 2.g3 Bg4 3.Bg2 Nd7 4.O-O Ngf6 5.c4 e6 6.b3 Be7 7.Bb2 O-O 8.d4 Ne4
9.Nfd2 f5 10.Nxe4 fxe4 11.Nc3 Nf6 12.f3 exf3 13.exf3 Bf5 14.Kh1 Qd7 15.c5 Rae8
16.Re1 Bd8 17.Ne2 g5 18.g4 Bg6 19.Qd2 Qg7 20.Qxg5 Ne4 21.Qe3 Bg5 22.f4 Be7
23.Nc3 Nf6 24.h3 Kh8 25.Rf1 Bd8 26.Rae1 c6 27.Bc1 Ba5 28.g5 Ng8 29.Bd2 Ne7
30.Nb1 Nf5 31.Qf2 Bxd2 32.Nxd2 Nxd4 33.Re5 Nc2 34.Qg3 Nb4 35.Nf3 Nd3 36.Re3 d4
37.Re2 Nxf4 38.Rd2 Be4 39.Re1 Bd5 40.Nh4 Nxg2 41.Nxg2 e5 42.Kh2 e4 43.Nf4 e3
44.Rdd1 Qe5 45.Nd3 Qxg3+ 46.Kxg3 Rf5 47.Nf4 Re4 48.Nxd5 Rxg5+ 49.Kf3 cxd5
50.Re2 h5 51.Rh2 e2  0-1

[Event "Lone Pine"]
[Site "Lone Pine"]
[Date "1976.??.??"]
[Round "1"]
[White "Quinteros, Miguel A"]
[Black "Thornally, Frank"]
[Result "1-0"]
[WhiteElo "2540"]
[BlackElo "2330"]

1.Nf3 d5 2.g3 Nf6 3.Bg2 Bg4 4.b3 Nbd7 5.Bb2 e6 6.O-O Be7 7.d3 O-O 8.Nbd2 c6
9.c4 a5 10.a3 Re8 11.Qc2 Bd6 12.h3 Bh5 13.Rfe1 Rc8 14.e4 e5 15.Nh4 Bg6 16.Ndf3 Qb6
17.Bc3 Nh5 18.Kf1 Qa6 19.Kg1 Qb6 20.Kh2 Bc5 21.Re2 dxe4 22.dxe4 Rcd8 23.Qb2 Bd6
24.b4 axb4 25.axb4 c5 26.b5 Qc7 27.Nxg6 hxg6 28.h4 f6 29.Bh3 Nf8 30.Rd2 Qf7
31.Rad1 Be7 32.Rxd8 Rxd8 33.Rxd8 Bxd8 34.Qd2 Qe7 35.Qd5+ Kh8 36.Nd2 Kh7 37.Nf1 Bb6
38.Bc8 Bd8 39.Qxb7 Qxb7 40.Bxb7 Ne6 41.Ne3 Nd4 42.Bc8 Kg8 43.Nd5 Kf8 44.Bd7 Ne2
45.Bd2 Nd4 46.Kg2  1-0

[Event "Lone Pine"]
[Site "Lone Pine"]
[Date "1976.??.??"]
[Round "2"]
[White "Najdorf, Miguel"]
[Black "Gruchacz, Robert"]
[Result "1-0"]
[WhiteElo "2510"]
[BlackElo "2200"]

1.Nf3 d5 2.g3 c5 3.Bg2 Nc6 4.O-O Nf6 5.d3 e6 6.Nbd2 Be7 7.b3 Qc7 8.Bb2 e5
9.e4 d4 10.c3 O-O 11.cxd4 cxd4 12.Rc1 Bd7 13.a3 Qb8 14.h3 Ne8 15.b4 a6 16.Nb3 f6
17.Nc5 Bxc5 18.Rxc5 Nc7 19.Nh4 Na7 20.Rc1 Ncb5 21.f4 Qd6 22.Qh5 Nc3 23.Rf2 Rac8
24.Rcf1 Nc6 25.Nf3 Be8 26.Qg4 Bd7 27.Qh4 a5 28.bxa5 Ra8 29.Bc1 Rxa5 30.Kh1 Qc5
31.Nd2 Raa8 32.Bf3 b5 33.Bg4 Rad8 34.Nf3 Na4 35.Bxd7 Rxd7 36.fxe5 Nxe5 37.Nxe5 Qxe5
38.Rf5 Qc7 39.e5 Qc3 40.exf6 Qxd3 41.f7+ Rdxf7 42.Rxf7 Rxf7 43.Qd8+  1-0

[Event "Lone Pine"]
[Site "Lone Pine"]
[Date "1976.??.??"]
[Round "3"]
[White "Silman, Jeremy D"]
[Black "Pupols, Viktors"]
[Result "1-0"]
[WhiteElo "2310"]
[BlackElo "2200"]

1.Nf3 d5 2.g3 Nf6 3.Bg2 c6 4.b3 Bf5 5.Bb2 e6 6.O-O Be7 7.d3 O-O 8.Nbd2 h6
9.Qe1 Bh7 10.e4 a5 11.a3 Qb6 12.Qe2 Rc8 13.Kh1 Nbd7 14.a4 Nc5 15.e5 Nfd7
16.Nd4 Na6 17.f4 c5 18.Nb5 Nb4 19.Rac1 Nb8 20.f5 exf5 21.c3 N4c6 22.Bxd5 Qd8
23.Bg2 Nd7 24.Nc4 Ra6 25.d4 cxd4 26.cxd4 Rb8 27.Ncd6 Nf8 28.Qc4 Bxd6 29.Nxd6 Bg6
30.Nxb7 Rxb7 31.Qxa6 Rb6 32.Qc4 Nb4 33.Qc7 Rb8 34.Ba3 Qe8 35.Bxb4 Rxb4 36.Bc6 Qb8
37.Qxb8 Rxb8 38.d5 Rxb3 39.Bb5 Rb2 40.Kg1 Bh5 41.Rf2 Rb4 42.h4 Rd4 43.d6 Ne6
44.d7 g5 45.hxg5 hxg5 46.Rxf5 Bg4 47.Rf6 Kg7 48.Rc8  1-0

[Event "Lone Pine"]
[Site "Lone Pine"]
[Date "1976.??.??"]
[Round "5"]
[White "Baczynskyj, Boris"]
[Black "Dake, Arthur William"]
[Result "1/2-1/2"]
[WhiteElo "2200"]
[BlackElo "2360"]

1.Nf3 d5 2.g3 Nf6 3.Bg2 c6 4.d3 Bf5 5.O-O h6 6.Nbd2 e6 7.b3 Bc5 8.Bb2 O-O
9.Nh4 Bh7 10.e4 Nbd7 11.Kh1 Qe7 12.f4 Ba3 13.Bxa3 Qxa3 14.g4 Qe7 15.g5 Ne8
16.Qg4 hxg5 17.fxg5 Nd6 18.Rae1 dxe4 19.dxe4 Rad8 20.Ndf3 g6 21.Re3 Kg7 22.Nd4 c5
23.Ne2 Rh8 24.Rd1 b5 25.Qg3 e5 26.Nc3 Nb6 27.Nd5 Nxd5 28.Rxd5 Rhe8 29.Qg4 Bg8
30.Rf3 Bh7 31.Rf6 Nb7 32.c4 bxc4 33.bxc4 Rxd5 34.cxd5 Nd6 35.Rf1 c4 36.Rc1 Rc8
37.Nf3 c3 38.h4 Rc4 39.Ne1 Qc7 40.Nd3 Nf5 41.Qf3 Rxe4 42.Nf2 Rxh4+ 43.Kg1 c2
44.Ne4 Rf4 45.Qc3 Qxc3 46.Nxc3 Rc4 47.Rxc2 Ne3 48.d6 Rd4 49.Re2 Nc4 50.Ne4 Nxd6
51.Nf6 Nc4 52.Bd5 Rf4 53.Bxc4 Rxc4 54.Rxe5 Rc1+ 55.Kf2 Rc2+ 56.Re2 Rc5 57.Ne4 Ra5
58.Ke3 Bg8 59.Rc2 Bh7 60.Kf4 Rf5+ 61.Kg4 Ra5 62.Kf3 Bg8 63.Rb2 Bh7 64.Kf4 Rf5+
65.Ke3 Ra5 66.Rc2 Bg8 67.Kd4 Bh7 68.Kc4 Re5 69.Re2 Bg8 70.Kb4 Kf8 71.a4 a5+
72.Kc3 f5 73.gxf6 Bd5 74.Kd4 Rxe4+ 75.Rxe4 Bxe4 76.Kxe4 Kf7 77.Ke5 g5 78.Kf5 g4  1/2-1/2

[Event "Lublin"]
[Site "Lublin"]
[Date "1976.??.??"]
[Round "4"]
[White "Nikolac, Juraj"]
[Black "Schinzel, Wladyslaw"]
[Result "1-0"]
[WhiteElo "2485"]
[BlackElo "2370"]

1.Nf3 d5 2.g3 c5 3.Bg2 g6 4.c4 d4 5.O-O Nc6 6.d3 Bg7 7.Na3 Nf6 8.Nc2 O-O
9.a3 e5 10.Bg5 h6 11.Bxf6 Qxf6 12.b4 Qe7 13.bxc5 Qxc5 14.Rb1 Rb8 15.Nd2 Bd7
16.Nb4 Ne7 17.Qb3 f5 18.Rfc1 Kh7 19.Nd5 h5 20.Qb4 Qxb4 21.axb4 Bh6 22.Rc2 Nxd5
23.Bxd5 Bxd2 24.Rxd2 a6 25.Ra2 Kg7 26.Re1 Rfe8 27.e3 dxe3 28.Rxe3 Kf6 29.Ra5 g5
30.f4 exf4 31.Rxe8 Bxe8 32.gxf4 gxf4 33.Kf2 Kg5 34.Be6 Bg6 35.d4 Kf6 36.Bd5 Be8
37.Kf3 Rc8 38.Kxf4 Rc7 39.Rc5 Rxc5 40.dxc5 Bc6 41.h4  1-0

[Event "Majdanpek"]
[Site "Majdanpek"]
[Date "1976.??.??"]
[Round "7"]
[White "Rajkovic, Dusan"]
[Black "Raicevic, Vladimir"]
[Result "1/2-1/2"]
[WhiteElo "2420"]
[BlackElo "2465"]

1.Nf3 d5 2.g3 c5 3.c4 Nf6 4.cxd5 Nxd5 5.Bg2 Nc6 6.Nc3 e6 7.O-O Be7 8.d4 O-O
9.e4 Nxc3 10.bxc3 b6 11.Qa4 Bd7 12.d5 Na5 13.Qc2 exd5 14.exd5 Qc8 15.Ng5 Bf5
16.Be4 Bg6 17.Re1 Qd7 18.Bxg6 hxg6 19.c4 Bf6 20.Rb1 Qf5 21.Ne4 Bd4 22.Bb2 Rac8
23.Rbd1 Bxb2 24.Qxb2 Nxc4 25.Qb3 Na5 26.Qb5 Rfd8 27.Rd2 Qd7 28.Qe2 Re8 29.Qd1 Re5
30.f4 Ree8 31.h4 Nc4 32.Rde2 Nd6 33.Nxd6 Rxe2 34.Nxc8 Rxe1+ 35.Qxe1 Qxc8
36.d6 c4 37.Qe7 Qc5+ 38.Kh2 Kh7 39.Qxf7 Qf2+ 40.Kh3 Qf1+ 41.Kh2 Qe2+ 42.Kh3 c3  1/2-1/2

[Event "Majdanpek"]
[Site "Majdanpek"]
[Date "1976.??.??"]
[Round "12"]
[White "Rajkovic, Dusan"]
[Black "Padevsky, Nikola"]
[Result "1-0"]
[WhiteElo "2420"]
[BlackElo "2475"]

1.Nf3 d5 2.g3 Nf6 3.Bg2 c6 4.O-O Bf5 5.d3 e6 6.Nbd2 Be7 7.Qe1 h6 8.b3 O-O
9.Bb2 a5 10.e4 dxe4 11.dxe4 Bh7 12.a4 Na6 13.Qe2 Nb4 14.Ne1 Nd7 15.f4 Bf6
16.e5 Be7 17.Be4 Bxe4 18.Nxe4 Qc7 19.g4 Nc5 20.Ng3 Rad8 21.Kh1 Rd7 22.f5 Rfd8
23.f6 Bf8 24.fxg7 Bxg7 25.Nf3 Nd5 26.Nh5 Ne7 27.g5 Nf5 28.Rg1 hxg5 29.Nxg7 Kxg7
30.Nxg5 Kf8 31.Qh5 Rd2 32.Ba3 b6 33.Nxe6+  1-0

[Event "Kringsja"]
[Site "Oslo"]
[Date "1976.??.??"]
[Round "1"]
[White "Kristiansen, Tor"]
[Black "Barda, Yngvar"]
[Result "1/2-1/2"]
[WhiteElo "2200"]
[BlackElo "2240"]

1.Nf3 d5 2.g3 Nf6 3.Bg2 c6 4.O-O Bf5 5.d3 h6 6.c4 e6 7.Nc3 Be7 8.Qb3 Qc8
9.Re1 Nbd7 10.e4 dxe4 11.dxe4 Nc5 12.Qc2 Bh7 13.b4 Ncxe4 14.Nxe4 Nxe4 15.Rxe4 Bxb4
16.Bb2 O-O 17.c5 Rd8 18.Qc4 Bxe4 19.Qxb4 Bd5 20.Qg4 e5 21.Qh5 f6 22.Qg6 Bf7
23.Qc2 Qe6 24.Nh4 Qc4 25.Qf5 Qe6 26.Qc2 Qc4 27.Qf5 Be6 28.Qg6 Bf7 29.Qf5  1/2-1/2

[Event "Kringsja"]
[Site "Oslo"]
[Date "1976.??.??"]
[Round "4"]
[White "Kristiansen, Tor"]
[Black "Gereben, Erno"]
[Result "1/2-1/2"]
[WhiteElo "2200"]
[BlackElo "2325"]

1.Nf3 d5 2.g3 Nf6 3.Bg2 c6 4.O-O Bg4 5.Ne5 Bh5 6.c4 e6 7.d4 Be7 8.Nc3 O-O
9.Re1 Nfd7 10.Qb3 Qb6 11.Qxb6 axb6 12.cxd5 Nxe5 13.dxe5 exd5 14.f4 Nd7 15.Bd2 Bg4  1/2-1/2

[Event "Kringsja"]
[Site "Oslo"]
[Date "1976.??.??"]
[Round "7"]
[White "Taksrud, Vidar"]
[Black "Ofstad, Per"]
[Result "1-0"]
[WhiteElo "2200"]
[BlackElo "2230"]

1.Nf3 d5 2.g3 g6 3.Bg2 Bg7 4.O-O Nf6 5.c4 c6 6.d4 O-O 7.Nc3 dxc4 8.Ne5 Be6
9.e3 Qc8 10.Qc2 Na6 11.Qe2 Bh3 12.Qxc4 Bxg2 13.Kxg2 c5 14.d5 Qf5 15.f4 Nd7
16.Nf3 Nb6 17.Qe2 Nxd5 18.e4 Nxc3 19.bxc3 Qd7 20.Bd2 Qa4 21.Rfb1 b6 22.Rb3 Rfd8
23.Be1 Nc7 24.Rc1 Rd7 25.Bf2 Rad8 26.Rc2 Qc6 27.Rb1 Qa4 28.h4 h5 29.Kh2 Ne8
30.e5 Nc7 31.Ng5 e6 32.c4 Qc6 33.Rg1 f5 34.exf6 Bxf6 35.Ne4 e5 36.g4 hxg4
37.Rxg4 Kf7 38.Bg3 exf4 39.Rxf4 Ne8 40.h5  1-0

[Event "CSR-ch"]
[Site "Ostrava"]
[Date "1976.??.??"]
[Round "8"]
[White "Jankovec, Ivan"]
[Black "Prandstetter, Eduard"]
[Result "1/2-1/2"]
[WhiteElo "2375"]
[BlackElo "2365"]

1.Nf3 d5 2.g3 g6 3.Bg2 Bg7 4.O-O e5 5.d3 Nc6 6.Nbd2 Nge7 7.e4 d4 8.a4 O-O
9.Nc4 h6 10.Nh4 g5 11.Nf3 Ng6 12.c3 Be6 13.cxd4 exd4 14.Ne1 Qd7 15.f4 gxf4
16.Bxf4 Rad8 17.Rc1 Kh7 18.Qh5 a6 19.h3 Rb8 20.Nf3 f6 21.Nh4 Nxh4 22.Qxh4 Ne7
23.g4 Ng6 24.Qg3 Rbc8 25.a5 Rf7 26.Bd2 Qb5 27.Rf2 Rcf8 28.h4 Qd7 29.Bf3 Kg8
30.Be2 Qb5 31.b4 Qd7 32.Rg2 Qe7 33.Nb2 Ne5 34.Nd1 b6 35.Nf2 bxa5 36.bxa5 c5
37.Nh3 Rb8 38.g5 fxg5 39.hxg5 Rb2 40.Bh5 Bxh3 41.Bxf7+ Qxf7 42.Qxh3 Rxd2
43.Rxd2 Nf3+ 44.Kh1 Nxd2 45.gxh6 Bf8 46.Rc2 Nb3 47.Qg3+ Kh7 48.Rf2 Qh5+ 49.Kg1 Bxh6
50.Qc7+ Kh8  1/2-1/2

[Event "Pernik"]
[Site "Pernik"]
[Date "1976.??.??"]
[Round "8"]
[White "Kirov, Nino"]
[Black "Asparuhov, Sasho"]
[Result "1-0"]
[WhiteElo "2490"]
[BlackElo "2200"]

1.Nf3 d5 2.g3 c5 3.Bg2 Nc6 4.d4 cxd4 5.Nxd4 Qb6 6.Nb3 e6 7.O-O Nf6 8.Be3 Qd8
9.c4 dxc4 10.Qxd8+ Nxd8 11.Na5 Nd5 12.Bd2 Nc6 13.Nxc4 Ndb4 14.Nc3 Be7 15.Rac1 O-O
16.a3 Na6 17.b4 Nc7 18.Bf4 Ne8 19.Rfd1 g5 20.Be3 Ng7 21.Bxc6 bxc6 22.Na5 Nf5
23.Nxc6 Bf6 24.Bc5 Re8 25.g4 Ne7 26.Ne4 Bb2 27.Nxe7+ Rxe7 28.Bxe7 Bxc1 29.Rxc1  1-0

[Event "Rubinstein mem"]
[Site "Polanica Zdroj"]
[Date "1976.??.??"]
[Round "13"]
[White "Schmidt, Wlodzimierz"]
[Black "Averbakh, Yuri L"]
[Result "1/2-1/2"]
[WhiteElo "2485"]
[BlackElo "2530"]

1.Nf3 d5 2.g3 g6 3.Bg2 Bg7 4.d4 c6 5.c4 Nf6 6.cxd5 cxd5 7.O-O O-O 8.Nc3 Ne4
9.Ne5 Nxc3 10.bxc3 Nc6 11.Nxc6 bxc6 12.Qa4 Qb6 13.Ba3 Qa6 14.Qxa6 Bxa6 15.Rfe1  1/2-1/2

[Event "Poznan"]
[Site "Poznan"]
[Date "1976.??.??"]
[Round "11"]
[White "Doda, Zbigniew"]
[Black "Schinzel, Wladyslaw"]
[Result "0-1"]
[WhiteElo "2405"]
[BlackElo "2370"]

1.Nf3 d5 2.g3 c6 3.Bg2 Nf6 4.b3 Bg4 5.Bb2 Nbd7 6.O-O e6 7.c4 Bd6 8.d3 O-O
9.Nbd2 b5 10.cxb5 cxb5 11.a3 Qb8 12.Rc1 Rd8 13.Rc2 e5 14.h3 Bf5 15.g4 Be6
16.Ng5 Nf8 17.Nxe6 Nxe6 18.e3 Qb7 19.Qe2 Rac8 20.Rfc1 Rxc2 21.Rxc2 Bb8 22.b4 Qe7
23.Nb3 Qd6 24.Kf1 Bc7 25.Nc5 Nxc5 26.Rxc5 Bb6 27.Rc1 d4 28.g5 Nd5 29.exd4 Bxd4
30.Bxd4 exd4 31.Re1 g6 32.Qe5 Ne3+ 33.Rxe3 dxe3 34.Qxb5 Qxd3+ 35.Qxd3 Rxd3
36.a4 exf2 37.a5 Rb3  0-1

[Event "URS-ch otbor"]
[Site "Rostov"]
[Date "1976.??.??"]
[Round "?"]
[White "Gutman, Lev"]
[Black "Sakharov, A."]
[Result "1-0"]
[WhiteElo "2395"]
[BlackElo "2435"]

1.Nf3 d5 2.g3 g6 3.c4 d4 4.Bg2 Bg7 5.O-O Nc6 6.d3 a5 7.e3 dxe3 8.fxe3 e5
9.Nc3 Nge7 10.d4 f5 11.d5 e4 12.dxc6 Qxd1 13.Rxd1 exf3 14.Nb5 Rb8 15.Bxf3 bxc6
16.Nd4 c5 17.Nb3 a4 18.Nxc5 a3 19.Rb1 axb2 20.Bd2 f4 21.gxf4 O-O 22.Ba5 Nf5
23.Kf2 Re8 24.Bd5+ Kh8 25.e4 Ne7 26.Bxc7 Nxd5 27.cxd5 Rb5 28.Bd6 Bg4 29.Rd2 Rd8
30.a4 Rb4 31.Be7 Rdb8 32.d6 Rc4 33.Kg3 Rc1 34.Rdxb2 Bxb2 35.Rxc1 Bxc1 36.Kxg4 Ba3
37.d7 Ra8 38.Bf6+ Kg8 39.Nb7 h5+ 40.Kf3  1-0

[Event "URS-ch otbor"]
[Site "Rostov"]
[Date "1976.??.??"]
[Round "?"]
[White "Sturua, Zurab"]
[Black "Gurgenidze, Bukhuti"]
[Result "0-1"]
[WhiteElo "2200"]
[BlackElo "2500"]

1.Nf3 d5 2.g3 c6 3.Bg2 Bg4 4.O-O Nd7 5.d3 e6 6.Nbd2 Bc5 7.h3 Bh5 8.Qe1 Ne7
9.e4 Bb6 10.b3 Qc7 11.Kh1 O-O 12.Bb2 Rae8 13.Nh4 g5 14.Nhf3 h6 15.b4 Bg6
16.Nb3 dxe4 17.dxe4 c5 18.Rd1 cxb4 19.Qxb4 Nc6 20.Qc3 f6 21.Ba3 Rf7 22.Bd6 Qc8
23.Qc4 Nce5 24.Nxe5 Nxe5 25.Qb5 Nc4 26.Bc5 Rc7 27.Qxc4 Bxc5 28.Nxc5 Rxc5
29.Qa4 a6 30.Qb4 Rc4 31.Qb2 e5 32.Rd6 Rxc2 33.Qb3+ Bf7 34.Qf3 Re6 35.Rfd1 Rc1
36.Rxc1 Qxc1+ 37.Rd1 Qc7 38.h4 Rd6 39.Rxd6 Qxd6 40.hxg5 hxg5 41.Qc3 Kg7 42.Bf3 Qd4
43.Qc7 g4 44.Bxg4 Qxe4+ 45.f3 Qb1+ 46.Kh2 Qxa2+ 47.Kh3 Qd5 48.Bc8 Qxf3 49.Bxb7 Qh5+
50.Kg2 Qe2+ 51.Kh3 Qf1+ 52.Kh2 Qc4 53.Qb6 Qa2+ 54.Kg1 a5 55.Qa7 Qa1+ 56.Kh2 Qb2+
57.Bg2 Qd2 58.Kh1 Qd1+ 59.Kh2 a4  0-1

[Event "URS-ch otbor"]
[Site "Rostov"]
[Date "1976.??.??"]
[Round "?"]
[White "Sturua, Zurab"]
[Black "Bukhman, Eduard"]
[Result "0-1"]
[WhiteElo "2200"]
[BlackElo "2420"]

1.Nf3 d5 2.g3 Nf6 3.Bg2 Bf5 4.O-O e6 5.d3 Be7 6.Nbd2 O-O 7.Qe1 h6 8.e4 Bh7
9.Qe2 a5 10.a4 Na6 11.c3 Nc5 12.Nd4 Qd7 13.f4 Nxa4 14.e5 Ne8 15.f5 c5 16.fxe6 fxe6
17.Nxe6 Nxc3 18.bxc3 Qxe6 19.Rxf8+ Bxf8 20.c4 Nc7 21.cxd5 Nxd5 22.Nc4 Rd8
23.Bb2 a4 24.Qf3 b5 25.Nd6 Nb4 26.Bh3 Qxh3 27.Qf7+ Kh8 28.e6 a3 29.Bf6 Qxe6
30.Qxe6 Rxd6 31.Bxg7+ Kxg7 32.Qe5+ Kg8 33.Rf1 a2 34.Rxf8+ Kxf8 35.Qxd6+ Ke8
36.Qe6+ Kd8 37.Qd6+ Ke8 38.Qe6+ Kd8 39.Qd6+ Ke8 40.Qe5+ Kd7 41.Qg7+ Ke6 42.Qxh6+ Kd5
43.Qg5+ Kd4 44.Qg7+ Ke3 45.h4 Bg8 46.Kh2 Nc2 47.Qxg8 a1=Q 48.Qg5+ Ke2 49.Qh5+ Kd2
50.Qxc5 Nd4 51.h5 Kxd3 52.h6 Qa2+ 53.Kh1 Qa8+ 54.Kh2 Qa2+ 55.Kh1 Qf7 56.Qa3+ Ke4
57.Qa8+ Ke3 58.Kg2 b4 59.Qa1 Qd5+ 60.Kh3 Qe6+  0-1

[Event "Skopje"]
[Site "Skopje"]
[Date "1976.??.??"]
[Round "3"]
[White "Ivkov, Borislav"]
[Black "Georgievski, Vanco"]
[Result "1/2-1/2"]
[WhiteElo "2520"]
[BlackElo "2250"]

1.Nf3 d5 2.g3 Nf6 3.Bg2 Bf5 4.d3 e6 5.O-O h6 6.Nbd2 Bc5 7.b3 c6 8.Bb2 O-O
9.Qe1 Qe7 10.e4 Bh7 11.a3 a5 12.Qe2 Nbd7 13.e5 Ne8 14.Rfe1 Nc7 15.Bh3 b5
16.Kh1 Rfe8 17.Nh4 Bb6 18.f4 a4 19.b4 c5 20.bxc5 Qxc5 21.Ndf3 Ba5 22.Bd4 Qe7
23.Rg1 b4 24.axb4 Bxb4 25.g4 Nb5 26.Be3 Bc3 27.Ra2 d4 28.Bf2 Qc5 29.Bg2 Qd5
30.Nxd4 Nxd4 31.Bxd5 Nxe2 32.Bxa8 Rxa8 33.Rb1 Nxf4 34.Rb7 Nf8 35.Nf3 Nxd3
36.cxd3 Bxd3 37.Kg2 Be4 38.Ra7 Rxa7 39.Bxa7 Ng6 40.Rxa4 Nh4+ 41.Kg3 Bxf3
42.Kxh4 Bxe5 43.Kh3 Kh7 44.Bd4  1/2-1/2

[Event "Stary Smokovec"]
[Site "Stary Smokovec"]
[Date "1976.??.??"]
[Round "6"]
[White "Szilagyi, Gyorgy"]
[Black "Cvetkovic, Srdjan"]
[Result "1-0"]
[WhiteElo "2380"]
[BlackElo "2390"]

1.Nf3 d5 2.g3 c5 3.Bg2 Nc6 4.d4 e6 5.O-O Nf6 6.c4 Be7 7.Nc3 O-O 8.cxd5 exd5
9.dxc5 d4 10.Na4 Bf5 11.Ne1 Ne4 12.Nd3 Re8 13.Bd2 Bf6 14.Rc1 Qd7 15.b4 Rac8
16.b5 Nb8 17.c6 bxc6 18.b6 Nxd2 19.Qxd2 Qe7 20.bxa7 Qxa7 21.Nac5 Nd7 22.Nxd7 Qxd7
23.Rc2 Bg4 24.Re1 Qd6 25.h3 Bh5 26.Qc1 Re6 27.Nc5 Re5 28.Ne4 Qe6 29.Nxf6+ gxf6
30.g4 d3 31.Rxc6 Rxc6 32.Qxc6 Rxe2 33.Qxe6 fxe6 34.Kf1 Rxa2 35.gxh5 Rc2 36.Rd1 Rc3
37.Be4 d2 38.Bg2 Rc2 39.Ke2 Kg7 40.Rxd2 Rxd2+ 41.Kxd2 Kh6 42.Be4 f5 43.Bc6 e5
44.Bd7  1-0

[Event "Stockholm playoff"]
[Site "Stockholm"]
[Date "1976.??.??"]
[Round "2"]
[White "Andersson, Ulf"]
[Black "Tal, Mihail"]
[Result "1/2-1/2"]
[WhiteElo "2585"]
[BlackElo "2615"]

1.Nf3 d5 2.g3 Bg4 3.Bg2 Nd7 4.c4 c6 5.cxd5 cxd5 6.Nc3 Ngf6 7.Qb3 Nc5 8.Qb5+ Nfd7
9.d4 a6 10.Qb4 Ne4 11.Qxb7 Nxc3 12.bxc3 e6 13.Bf4 Be7 14.O-O O-O 15.a4 Bxf3
16.Bxf3 Nf6 17.Rfb1 Bd6 18.Bxd6 Qxd6 19.Rb6 Qd8 20.a5 Qc8 21.Ra3 g5 22.Qxc8 Rfxc8
23.e3 Rc7 24.Be2 Rac8 25.Bxa6 Rxc3 26.Rxc3 Rxc3 27.Be2 Rc2 28.a6 Ra2 29.Rb7 g4
30.a7 Kg7 31.Rc7 Ra1+ 32.Kg2 Ra2 33.Bb5 Ne4 34.Bc6 Rxf2+ 35.Kg1 Rd2 36.a8=Q Rd1+
37.Kg2 Rd2+ 38.Kf1 Rd1+  1/2-1/2

[Event "Hoogovens-B"]
[Site "Wijk aan Zee"]
[Date "1976.??.??"]
[Round "3"]
[White "Hartoch, Robert G"]
[Black "Christiansen, Larry Mark"]
[Result "1/2-1/2"]
[WhiteElo "2365"]
[BlackElo "2400"]

1.g3 d5 2.Nf3 Nf6 3.Bg2 c6 4.d3 Bf5 5.Nbd2 e6 6.Nh4 Bg4 7.b3 Bb4 8.Bb2 d4
9.O-O Qa5 10.Nc4 Qd8 11.Ne5 Bh5 12.Nhf3 Bc5 13.c3 dxc3 14.Bxc3 O-O 15.Rc1 Nbd7
16.Rc2 Nxe5 17.Bxe5 Bxf3 18.Bxf3 Bd4  1/2-1/2

[Event "IBM-B"]
[Site "Amsterdam"]
[Date "1977.??.??"]
[Round "10"]
[White "Egmond, Peter"]
[Black "Nikolac, Juraj"]
[Result "0-1"]
[WhiteElo "2200"]
[BlackElo "2475"]

1.g3 d5 2.Nf3 Nf6 3.Bg2 e6 4.O-O Be7 5.d3 b6 6.Nbd2 Bb7 7.e4 dxe4 8.dxe4 Na6
9.e5 Ne4 10.Nxe4 Qxd1 11.Rxd1 Bxe4 12.Nd4 Bxg2 13.Kxg2 O-O-O 14.Be3 Kb7 15.a3 Nc5
16.b4 Na4 17.b5 Nb2 18.Rdb1 Nc4 19.Nc6 Rd7 20.Rd1 Rxd1 21.Rxd1 Bxa3 22.Bf4 Bb2
23.Nd8+ Kc8 24.Nc6 Na5 25.Ne7+ Kb7 26.Rd7 Nc4 27.Nc6 Na3 28.Rd3 Nxb5 29.Nd8+ Rxd8
30.Rxd8 a5 31.Rd1 a4 32.Bc1 Bxe5 33.Re1 Bc3 34.Re4 a3 35.Ra4 c5 36.Bxa3 Bd4
37.Bc1 e5 38.Bd2 f5 39.Kf1 e4 40.Be3 Bf6 41.f3 Nc3 42.Ra3 Kc6 43.fxe4 fxe4
44.Ra8 Kb5 45.Rh8 h6 46.Rb8 Nd5 47.Ke2 Kc4 48.Re8 Kc3 49.Bd2+ Kxc2  0-1

[Event "Bad Lauterberg"]
[Site "Bad Lauterberg"]
[Date "1977.??.??"]
[Round "5"]
[White "Andersson, Ulf"]
[Black "Hermann, Manfred"]
[Result "1/2-1/2"]
[WhiteElo "2565"]
[BlackElo "2400"]

1.Nf3 d5 2.g3 c6 3.Bg2 Nf6 4.d3 Bf5 5.O-O h6 6.Nbd2 e6 7.b3 Be7 8.Bb2 O-O
9.c4 a5 10.a3 Nbd7 11.Rc1 Re8 12.Rc2 Bf8 13.Qa1 Qb6 14.Ne5 Nxe5 15.Bxe5 Nd7
16.Bb2 dxc4 17.bxc4 e5 18.Bc3 Qc7 19.Ne4 Bxe4 20.Bxe4 Nc5 21.Bg2 a4 22.Qa2 Nb3
23.Rd1 Rad8 24.e3 Bc5 25.Bf1  1/2-1/2

[Event "Bad Lauterberg"]
[Site "Bad Lauterberg"]
[Date "1977.??.??"]
[Round "7"]
[White "Andersson, Ulf"]
[Black "Sosonko, Gennadi"]
[Result "1/2-1/2"]
[WhiteElo "2565"]
[BlackElo "2530"]

1.Nf3 d5 2.g3 c5 3.Bg2 Nf6 4.c4 e6 5.cxd5 exd5 6.d4 Nc6 7.O-O Be7 8.dxc5 Bxc5
9.Bg5 O-O 10.Nc3 d4 11.Bxf6 Qxf6 12.Ne4 Qe7 13.Nxc5 Qxc5 14.Rc1 Qb6 15.Qc2 h6
16.b3 Re8 17.Rfd1 Bg4 18.h3 Be6 19.Qc5 Qa6 20.b4 Qxa2 21.b5 Na5 22.Rd2 Nb3
23.Rxa2 Nxc5 24.Ra3 Nb3 25.Rd1 Bc4 26.Nxd4 Nxd4 27.Rxd4 Bxb5 28.Bxb7  1/2-1/2

[Event "Bad Lauterberg"]
[Site "Bad Lauterberg"]
[Date "1977.??.??"]
[Round "11"]
[White "Andersson, Ulf"]
[Black "Gerusel, Mathias"]
[Result "1/2-1/2"]
[WhiteElo "2565"]
[BlackElo "2420"]

1.Nf3 d5 2.g3 c6 3.Bg2 Nf6 4.d3 Bg4 5.Nbd2 e6 6.O-O Nbd7 7.b3 a5 8.a3 Be7
9.Bb2 O-O 10.c4 b5 11.Qc2 Qb8 12.h3 Bh5 13.Rfc1 Rc8 14.cxd5 cxd5 15.Qxc8+ Qxc8
16.Rxc8+ Rxc8 17.Rc1 Rxc1+ 18.Bxc1 Bxf3 19.Nxf3 Nc5 20.Nd4 b4 21.axb4 axb4
22.Bd2 Nfd7 23.Nc6 Bf6 24.Na5 Na6 25.Kf1 Ndc5 26.Ke1 Bd8 27.Nc6 Bb6 28.Nxb4 Nxb4
29.Bxb4 Nxb3 30.e3 Ba5 31.Bxa5  1/2-1/2

[Event "URS-FL"]
[Site "Baku"]
[Date "1977.??.??"]
[Round "2"]
[White "Petrosian, Arshak B"]
[Black "Bagirov, Vladimir"]
[Result "1/2-1/2"]
[WhiteElo "2345"]
[BlackElo "2480"]

1.Nf3 d5 2.g3 Bg4 3.Bg2 c6 4.c4 Nd7 5.cxd5 cxd5 6.Qa4 Nf6 7.Nc3 Bxf3 8.Bxf3 e6
9.e4 dxe4 10.Nxe4 Nxe4 11.Bxe4 Qb6 12.O-O Bd6 13.d3 Ke7 14.Be3 Nc5 15.Qc4 Rac8
16.b4 Nxe4 17.Qxc8 Rxc8 18.Bxb6 Nxg3 19.hxg3 axb6 20.Rfc1 Rd8 21.Rc4 Ra8
22.a3 h5 23.Kf1 b5 24.Rcc1 g5 25.Ke2 Kf6 26.d4 Kf5 27.Rc3 Rh8 28.Rh1 Ke4
29.Re3+ Kd5 30.Kd3  1/2-1/2

[Event "URS-FL"]
[Site "Baku"]
[Date "1977.??.??"]
[Round "6"]
[White "Vaganian, Rafael A"]
[Black "Bagirov, Vladimir"]
[Result "1/2-1/2"]
[WhiteElo "2545"]
[BlackElo "2480"]

1.Nf3 d5 2.g3 Bg4 3.Bg2 c6 4.c4 e6 5.cxd5 exd5 6.O-O Bd6 7.d3 Ne7 8.Nc3 Nd7
9.Qa4 Bh5 10.Qh4 Bg6 11.e4 O-O 12.Bf4 Nc5 13.Rad1 Ne6 14.Be3 Re8 15.Ng5 Nxg5
16.Qxg5 f6 17.Qg4 f5 18.Qf3 dxe4 19.dxe4 Qc7 20.Rd2 fxe4 21.Nxe4 Be5 22.Bc5 Nd5
23.Qb3 Kh8 24.Re1 Qa5 25.Rde2 Bxe4 26.Rxe4 Qxc5 27.Rxe5 Rxe5 28.Rxe5 Rf8
29.Bf3 h6 30.Kg2 Qd6 31.Re2 b6 32.a3 Nc7 33.Qe3 Qf6 34.Rc2 c5 35.b4 Ne6 36.bxc5 Nd4
37.Rc3 bxc5 38.Be4 Qd6 39.Rc1 Rb8 40.Bd3 Qd5+ 41.Qe4 Qxe4+ 42.Bxe4 Rc8 43.Bd3 g5
44.Re1 Rc7 45.Re8+ Kg7 46.Rd8 Kf6 47.Bc4  1/2-1/2

[Event "URS-FL"]
[Site "Baku"]
[Date "1977.??.??"]
[Round "8"]
[White "Grigorian, Karen Ashotovich"]
[Black "Bagirov, Vladimir"]
[Result "1/2-1/2"]
[WhiteElo "2465"]
[BlackElo "2480"]

1.Nf3 d5 2.g3 Bg4 3.Bg2 c6 4.O-O e6 5.d3 Bd6 6.Nbd2 Ne7 7.h3 Bh5 8.b3 O-O
9.Bb2 Nd7 10.Qe1 a5 11.a3 Qb6 12.g4 Bg6 13.a4 Rfe8 14.e3 f6 15.Kh1 Bf7 16.Nd4 e5
17.Nf5 Nxf5 18.gxf5 g6 19.Rg1 Kf8 20.Qe2 Ke7 21.c4 gxf5 22.d4 Rg8 23.Rac1 Rg6
24.c5 Nxc5 25.dxc5 Bxc5 26.Nf3 Be6 27.Nd4 Bd6 28.Nxe6 Kxe6 29.Qc2 Rag8 30.Bc3 Qc7
31.f4 e4 32.Qf2 b6 33.Kh2 Ba3 34.Rcd1 Bb4 35.Bb2 Bc5 36.Bh1 Qg7 37.Rxg6 hxg6
38.Rc1 g5 39.Bd4 Bxd4 40.exd4 Qc7 41.Qg3 Rg7 42.fxg5 fxg5 43.Bg2 c5 44.dxc5 bxc5
45.Bf1 d4 46.Bc4+ Kf6 47.Kg2 Qxg3+ 48.Kxg3 d3 49.Bb5 Rc7 50.Kf2 Ke5 51.Ke3 f4+
52.Kd2 Kd4 53.Rc4+ Kd5 54.Ba6 Rh7 55.Rxe4 Rxh3 56.Bxd3 Rg3 57.Re8 g4 58.Rd8+ Ke5
59.Re8+ Kd5 60.Rd8+ Ke5 61.Rf8 Rf3 62.Re8+ Kf6 63.Ke2 Kg5 64.Re5+ Kh4 65.Rxc5 Re3+
66.Kd2 g3 67.Rc4  1/2-1/2

[Event "Biel"]
[Site "Biel"]
[Date "1977.??.??"]
[Round "10"]
[White "Vukic, Milan"]
[Black "Lombard, Andre"]
[Result "1-0"]
[WhiteElo "2495"]
[BlackElo "2410"]

1.Nf3 d5 2.g3 Nf6 3.Bg2 Bf5 4.O-O e6 5.c4 c6 6.b3 Be7 7.Bb2 h6 8.d3 O-O 9.Nbd2 a5
10.a3 Bh7 11.Qc2 Nbd7 12.Bc3 Qb6 13.Bb2 Rfc8 14.Ne5 Nxe5 15.Bxe5 Qd8 16.b4 axb4
17.axb4 Qf8 18.c5 Nd7 19.Bc3 Bg6 20.Nb3 f6 21.Bh3 Bf7 22.Nd4 f5 23.e4 g6
24.exd5 exd5 25.g4 Rxa1 26.Rxa1 fxg4 27.Bxg4 Rd8 28.Ra7  1-0

[Event "Tungsram"]
[Site "Budapest"]
[Date "1977.??.??"]
[Round "?"]
[White "Schmidt, Wlodzimierz"]
[Black "Gipslis, Aivars"]
[Result "1/2-1/2"]
[WhiteElo "2490"]
[BlackElo "2535"]

1.Nf3 d5 2.g3 g6 3.Bg2 Nf6 4.d4 Bg7 5.c4 dxc4 6.Na3 c3 7.bxc3 c5 8.O-O O-O
9.Ne5 Nd5 10.Bd2 Nc6 11.Nac4 cxd4 12.Nxc6 bxc6 13.cxd4 Bxd4 14.Rc1 Be6 15.Na5 c5
16.e3 Bb2 17.Rc2 Ba3 18.Nc4 Bb4 19.a3 Bxd2 20.Rxd2 Nb6 21.Rxd8  1/2-1/2